Gleichnisse Jesu: exegetisch und religionspädagogisch betrachtet
| Main Author: | |
|---|---|
| Format: | Print Article |
| Language: | German |
| Check availability: | HBZ Gateway |
| Interlibrary Loan: | Interlibrary Loan for the Fachinformationsdienste (Specialized Information Services in Germany) |
| Published: |
2007
|
| In: |
Geschichten sind ein Kleid der Wirklichkeit
Year: 2007, Pages: 21-36 |
| RelBib Classification: | AH Religious education HA Bible HC New Testament RF Christian education; catechetics |
| Further subjects: | B
Parable of the mustard seed
B Parable B Bible lessons B Metaphor B Religious pedagogy |
MARC
| LEADER | 00000caa a2200000 c 4500 | ||
|---|---|---|---|
| 001 | 1582716498 | ||
| 003 | DE-627 | ||
| 005 | 20250523204604.0 | ||
| 007 | tu | ||
| 008 | 181108s2007 xx ||||| 00| ||ger c | ||
| 020 | |a 9783631557907 | ||
| 035 | |a (DE-627)1582716498 | ||
| 035 | |a (DE-576)512716498 | ||
| 035 | |a (DE-599)BSZ512716498 | ||
| 040 | |a DE-627 |b ger |c DE-627 |e rda | ||
| 041 | |a ger | ||
| 084 | |a 1 |2 ssgn | ||
| 100 | 1 | |e VerfasserIn |0 (DE-588)123910056 |0 (DE-627)085518328 |0 (DE-576)271679298 |4 aut |a Müller, Peter |d 1950- | |
| 109 | |a Müller, Peter 1950- | ||
| 245 | 1 | 0 | |a Gleichnisse Jesu |b exegetisch und religionspädagogisch betrachtet |c Peter Müller |
| 264 | 1 | |c 2007 | |
| 336 | |a Text |b txt |2 rdacontent | ||
| 337 | |a ohne Hilfsmittel zu benutzen |b n |2 rdamedia | ||
| 338 | |a Band |b nc |2 rdacarrier | ||
| 601 | |a Gleichnis | ||
| 601 | |a Religionspädagogik | ||
| 630 | 0 | 7 | |0 (DE-588)4203336-6 |0 (DE-627)10515167X |0 (DE-576)210154462 |a Gleichnis vom Senfkorn |2 gnd |
| 650 | 0 | 7 | |0 (DE-588)4021234-8 |0 (DE-627)104585161 |0 (DE-576)208936874 |a Gleichnis |2 gnd |
| 650 | 0 | 7 | |0 (DE-588)4038935-2 |0 (DE-627)106230239 |0 (DE-576)209032537 |a Metapher |2 gnd |
| 650 | 0 | 7 | |0 (DE-588)4049412-3 |0 (DE-627)10451681X |0 (DE-576)209081937 |a Religionspädagogik |2 gnd |
| 650 | 0 | 7 | |0 (DE-588)4069435-5 |0 (DE-627)104443782 |0 (DE-576)209176784 |a Bibelunterricht |2 gnd |
| 652 | |a AH:HA:HC:RF | ||
| 773 | 0 | 8 | |i Enthalten in |a Müller, Peter, 1950 - |t Geschichten sind ein Kleid der Wirklichkeit |d Frankfurt am Main : Lang, 2007 |g (2007), Seite 21-36 |h 149 S. |w (DE-627)519820118 |w (DE-576)261544756 |z 3631557906 |z 9783631557907 |7 nnam |
| 773 | 1 | 8 | |g year:2007 |g pages:21-36 |
| 889 | |w (DE-576)519568249 | ||
| 889 | |w (DE-627)1589568249 | ||
| 935 | |a BIIN | ||
| 951 | |a AR | ||
| BIB | |a 1 | ||
| BIR | |a 01013031_01013032,02004030_02004032,03013018_03013019 |b biblesearch | ||
| ELC | |b 1 | ||
| ITA | |a 1 |t 1 | ||
| LOK | |0 000 xxxxxcx a22 zn 4500 | ||
| LOK | |0 001 3059582572 | ||
| LOK | |0 003 DE-627 | ||
| LOK | |0 004 1582716498 | ||
| LOK | |0 005 20250523204604 | ||
| LOK | |0 008 190311||||||||||||||||ger||||||| | ||
| LOK | |0 035 |a (DE-Tue135-1)181604 | ||
| LOK | |0 040 |a DE-Tue135-1 |c DE-627 |d DE-Tue135-1 | ||
| LOK | |0 852 |a DE-Tue135-1 | ||
| LOK | |0 852 1 |c FTHNT014970/MRP/2 |m p |9 00 | ||
| LOK | |0 852 2 |b S 21 |9 00 | ||
| LOK | |0 935 |a iSWA | ||
| LOK | |0 936ln |0 1442044136 |a HC | ||
| LOK | |0 936ln |0 144204408X |a HA | ||
| LOK | |0 936ln |0 1442053151 |a RF | ||
| LOK | |0 936ln |0 1550364804 |a AH | ||
| LOK | |0 938 |k p | ||
| LOK | |0 939 |a 11-03-19 |b l12 | ||
| ORI | |a SA-MARC-ixtheoa001.raw | ||
| REL | |a 1 | ||
| STA | 0 | 0 | |a Bible lessons,Bible teaching,Metaphor,Parable,Parable of the mustard seed,Luke,Mustard seed,Mark,Matthew,Religious pedagogy,Religious education |
| STB | 0 | 0 | |a Catéchèse biblique,Enseignement de la Bible,Enseignement de la Bible,Métaphore,Parabole,Pédagogie des religions |
| STC | 0 | 0 | |a Enseñanza bíblica,Metáfora,Parábola,Pedagogía de la religión |
| STD | 0 | 0 | |a Catechesi biblica,Didattica biblica,Insegnamento della Bibbia,Didattica biblica,Insegnamento della Bibbia,Metafora,Parabola,Pedagogia della religione |
| STE | 0 | 0 | |a 圣经课,宗教教育,譬喻,比方,比喻,隐喻,暗喻 |
| STF | 0 | 0 | |a 宗教教育,聖經課,譬喻,比方,比喻,隱喻,暗喻 |
| STG | 0 | 0 | |a Ensino bíblico,Metáfora,Parábola,Pedagogia da religião |
| STH | 0 | 0 | |a Библейский урок,Метафора,Педагогика религии,Прича |
| STI | 0 | 0 | |a Βιβλική κατήχηση,Διδασκαλία της Αγίας Γραφής,Διδασκαλία της Βίβλου,Θρησκευτική παιδαγωγική,Μεταφορά,Παραβολή |
| SUB | |a BIB |a REL | ||
| SYD | 0 | 0 | |a Bibel,Markusevangelium,4,30-32,Bibel,Matthäusevangelium,13,31-32,Bibel,Lukasevangelium,13,18-19 |
| SYE | 0 | 0 | |a Gleichnisse , Metaphorik,Metaphern , Bibelkatechese,Bibelkundeunterricht,Biblische Didaktik,Biblische Katechese,Biblische Unterweisung,Biblischer Unterricht,Bibeldidaktik |



